000 00402nam a2200145Ia 4500
008 231207s9999 xx 000 0 und d
041 _aeng
082 _a005.73/JEA
100 _aJean P. Tremblay
245 _aAn Introduction to Data Structures with Applications
250 _a2nd Edition 2001
260 _bTata mc graw hill New Delhi
300 _aPB/861
650 _aComnputer Program Language
999 _c944527
_d944527